| 000 | 01047nab a22002177a 4500 | ||
|---|---|---|---|
| 999 |
_c5839 _d5839 |
||
| 003 | OSt | ||
| 005 | 20260108013016.0 | ||
| 008 | 190514b xxu||||| |||| 00| 0 spa d | ||
| 040 | _cPJ | ||
| 100 |
_96737 _aCurvello Perrier, María Clelia |
||
| 245 | 1 | 0 |
_aSer abogado del niño, una experiencia profesional y humana / _cMaría Clelia Curvello Perrier . |
| 300 | _ap. 64-65 | ||
| 505 | _aSumario: I. Introducción.— II. Capacidad progresiva y acceso a la representación letrada.— III. Cuestiones procesales: designación y alcance del patrocinio letrado.— IV. Representación letrada como política pública.— V. Valoración final. | ||
| 505 | _tSi te interesa el texto, comunicate a koha@justierradelfuego.gov.ar | ||
| 650 | 0 |
_9967 _aDERECHO DE FAMILIA |
|
| 650 | 0 |
_92741 _aDERECHOS DE LAS NIÑAS, NIÑOS Y ADOLESCENTES |
|
| 650 | 0 |
_94691 _aAUTONOMÍA PROGRESIVA |
|
| 650 | 0 |
_94105 _aABOGADO DEL NIÑO |
|
| 773 | 0 |
_02844 _93222 _dBuenos Aires : AbeledoPerrot, 1989- _tDerecho de familia. N° 119 - Mayo 2025 _z18511201 |
|
| 942 |
_2udc _cANA |
||